| 000 | 00479nam a2200181Ia 4500 | ||
|---|---|---|---|
| 003 | GCL | ||
| 008 | 140319s9999 xx 000 0 eng d | ||
| 040 |
_aGCL / _cGCL |
||
| 082 | 0 | 4 |
_a618 _bM C |
| 100 | 1 | _aMAGOWAN, BRAIN | |
| 245 | 1 | 0 |
_aCHURCHILL'S POCKETBOOK OF OBSTETRICS AND GYNAECOLOGY / _cMAGOWAN, BRAIN |
| 260 |
_a[S.N] : _bCHURCHILL LIVINGSTONE ، _c1997 |
||
| 300 | _a241 P | ||
| 650 | 0 | 4 | _aMEDICINE |
| 650 | 0 | 4 | _aGYNECOLOGY |
| 650 | 0 | 4 | _aOBSTETRICS |
| 942 |
_2ddc _cBK |
||
| 999 |
_c13575 _d13575 |
||